000 00318nam a2200109Ia 4500
008 171204s9999 xx 000 0 und d
245 _aEpiscopal Appointments in England, c. 1214–1344:
245 _cKatherine Harvey
260 _c2014
650 _xHistory
856 _uhttp://down.ebook777.com/063/9781409456155.pdf
999 _c345547
_d345547